000 00615nam a2200229Ia 4500
003 OSt
005 20220928104019.0
006 a|||||r|||| 00| 0
007 ta
008 220927b |||||||| |||| 00| 0 eng d
024 _a129955
037 _cTextual
040 _aSDCL
_cSDCL
_beng
041 _2eng
_aeng
082 _aO152,3M80:g, K7
100 _aMadaan Indra Nath Ed.
_9408201
245 0 _aPremchand Partibha.
260 _aAllahabad
_bSaraswati Press
_c1967
300 _a255p.
_ccm.
942 _hO152,3M80:g, K7
_cTEXL
_2CC
999 _c723684
_d723684